000 00448nam a22001337a 4500
005 20241207155533.0
008 241207b |||||||| |||| 00| 0 eng d
100 _aCorpuz, Janette A.
_eauthor.
_964393
245 _aSaving as a virtue /
_cJanette A. Corpuz.
260 _aPhilippines;
_bPublishers Association of the Philippines, Inc.,
_cJanuary 2018.
300 _aVolume 66, pages 286.
700 _aCorpuz, Janette A.
_914024
942 _2ddc
_cPER
999 _c23259
_d23259